000 01259nam0a22002891 4500
001 rc\4093884
005 20250611090131.0
021 _aRU
_b[46-17489]
035 _a(NLR Aleph) 008134397
090 _a9444373
_c9444373
100 _a20130415d1946 |||y0rusy50 ca
101 0 _arus
102 _aRU
105 _aa z |||||
200 1 _aОсновные вопросы электрооборудования кузнечно-прессовых машин
_fМЭС СССР. ГУУЗ. Заоч. ин-т усовершенствования ИТР МЭС
210 _aЛенинград
_a[Москва]
_c1-я тип. Гизлегпрома в Л.
_d1946
215 _a71 с.
_cчерт.
_d22
300 _aПеред загл. автор: проф. А.Т. Голован, д-р техн. наук
320 _aБиблиогр.: Указатель лит-ры: с. 69-70
606 _aКузнечно-прессовое оборудование
_xЭлектроприводы
_2psbo
700 1 _7ca
_8rus
_aГолован
_bА.Т.
_f1900-1964
_gАндрей Трифонович
_9240674
_3RU\NLR\AUTH\770240730
801 0 _aRU
_bNLR
_gpsbo
801 1 _aRU
_bELAR
_2rusmarc
852 _aNLR
_jТ20 Г-6/107
942 _cBOOK
980 _aNB